Nguyễn Minh Châu toàn tập; T3

Salvato in:
Dettagli Bibliografici
Autore principale: Nguyễn Minh Châu
Natura: Libro
Lingua:Undetermined
Pubblicazione: Hà Nội Văn Học 2001
Soggetti:
Tags: Aggiungi Tag
Nessun Tag, puoi essere il primo ad aggiungerne! !
Thư viện lưu trữ: Trung tâm Học liệu Trường Đại học Cần Thơ
LEADER 00522nam a2200169Ia 4500
001 CTU_43602
008 210402s9999 xx 000 0 und d
082 |a 895.9223008 
082 |b Ch125/T3 
100 |a Nguyễn Minh Châu 
245 0 |a Nguyễn Minh Châu toàn tập; T3 
245 0 |c Nguyễn Minh Châu 
260 |a Hà Nội 
260 |b Văn Học 
260 |c 2001 
650 |a short stories, vietnamese - 20th century - collections 
980 |a Trung tâm Học liệu Trường Đại học Cần Thơ